00435 2200157 4500001002100000005001500021035002000036245007900056100001700135300002600152260004300178082000800221084001400229020002200243990001200265INLIS00000000000268720250910110548 a0010-09250000341 aSeri Hadis Tematik :b40 Hadis Kemandirian & Gotong Royong /cNailal Fahmi0 aNailal Fahmi a130 hlm ;c15 x 23 cm aJakarta :bEmir Cakrawala Islam,c2024 a200 a200 NAI s a978-623-6698-53-2 a0755335